[Event "FIDE World Blitz-ch Women 2018"]
[Site "St. Petersburg"]
[Date "2018.12.29"]
[Round "7.23"]
[White "Charochkina, Daria"]
[Black "Maltsevskaya, Aleksandra"]
[Result "1-0"]
[WhiteElo "2344"]
[BlackElo "2243"]
[Annotator "NA"]
[PlyCount "69"]
[EventDate "2018.12.19"]
[EventType "swiss"]
[EventCountry "RUS"]
[SourceTitle "playchess.com"]
[Source "ChessBase"]
[SourceQuality "1"]

1. d4 Nf6 2. c4 g6 3. Nc3 Bg7 4. e4 d6 5. f4 c5 6. d5 O-O 7. Nf3 e6 8. Be2 exd5 9. cxd5 a6 10. a4 Nbd7 11. O-O Re8 12. Nd2 Rb8 13. a5 c4 14. Bxc4 Nc5 15. Qc2 Qc7 16. e5 Bf5 17. Qd1 Ng4 18. Nf3 Nd7 19. b3 dxe5 20. Ra2 e4 21. Nd4 Qc5 22. Nce2 e3 23. Nxf5 gxf5 24. Qd3 Re4 25. h3 Nf2 26. Qc2 Qd6 27. Bb2 Qg6 28. Kh2 Bxb2 29. Qxb2 Nf6 30. d6 N6g4+ 31. Kg1 Nxh3+ 32. gxh3 Nf2+ 33. Kh2 Kf8 34. Rg1 Qh5 35. Qh8# 1-0

[Event "FIDE World Blitz-ch Women 2018"]
[Site "St. Petersburg"]
[Date "2018.12.29"]
[Round "7.24"]
[White "Protopopova, Anastasiya"]
[Black "Gaponenko, Inna"]
[Result "0-1"]
[WhiteElo "2304"]
[BlackElo "2420"]
[Annotator "NA"]
[PlyCount "60"]
[EventDate "2018.12.19"]
[EventType "swiss"]
[EventCountry "RUS"]
[SourceTitle "playchess.com"]
[Source "ChessBase"]
[SourceQuality "1"]

1. d4 d6 2. c4 e5 3. d5 f5 4. e4 Nf6 5. Nc3 fxe4 6. Nge2 Bf5 7. Ng3 Bg6 8. Bg5 Be7 9. Bxf6 gxf6 10. Ngxe4 f5 11. Ng3 Nd7 12. Be2 O-O 13. Bh5 Bg5 14. O-O Nf6 15. Bxg6 hxg6 16. Nge2 f4 17. f3 Kg7 18. Qc2 Rh8 19. Ne4 Nxe4 20. Qxe4 Rh5 21. h3 Qh8 22. Nc3 Bh4 23. Qe2 Bg3 24. Ne4 Qh6 25. Rfd1 Rh8 26. Nxg3 fxg3 27. Qe4 Rxh3 28. Kf1 Rh2 29. Qg4 Qe3 30. Qd7+ Kh6 0-1

[Event "FIDE World Blitz-ch Women 2018"]
[Site "St. Petersburg"]
[Date "2018.12.29"]
[Round "7.25"]
[White "Mammadova, Gulnar"]
[Black "Petrova, Irina"]
[Result "1/2-1/2"]
[WhiteElo "2368"]
[BlackElo "2124"]
[Annotator "NA"]
[PlyCount "136"]
[EventDate "2018.12.19"]
[EventType "swiss"]
[EventCountry "RUS"]
[SourceTitle "playchess.com"]
[Source "ChessBase"]
[SourceQuality "1"]

1. e4 d6 2. Nc3 Nf6 3. d4 g6 4. Be2 Bg7 5. Be3 a6 6. a4 b6 7. Nf3 Bb7 8. d5 O-O 9. O-O c6 10. Qd2 cxd5 11. exd5 Nbd7 12. Rfd1 Ng4 13. Bd4 Nge5 14. Qe3 Rc8 15. h3 Nc4 16. Bxc4 Rxc4 17. Bxg7 Kxg7 18. Rd4 Rxd4 19. Nxd4 Nf6 20. Qf3 Qc7 21. Nde2 e6 22. Nf4 Nxd5 23. Nfxd5 Bxd5 24. Nxd5 exd5 25. Qxd5 Qxc2 26. Qd4+ Kg8 27. Qxb6 Re8 28. Rf1 Qxa4 29. Qxd6 Qb5 30. Qf6 Re6 31. Qd8+ Kg7 32. Qd4+ Kg8 33. Rc1 Re8 34. h4 h5 35. b4 Kh7 36. Rc7 Kg8 37. Rc1 Kh7 38. Qf4 Kg8 39. Rc7 Qd5 40. Kh2 Re4 41. Qf6 Qe5+ 42. Qxe5 Rxe5 43. Rc6 Rb5 44. Rc4 a5 45. bxa5 Rxa5 46. Kg3 Kg7 47. Kf4 Rf5+ 48. Ke3 Re5+ 49. Kf3 Rf5+ 50. Kg3 Ra5 51. f3 Rb5 52. Kf4 Rf5+ 53. Ke4 Rb5 54. Rd4 Ra5 55. Ke3 Ra2 56. g3 Ra3+ 57. Kf4 Ra5 58. g4 Rb5 59. Re4 Ra5 60. gxh5 Rxh5 61. Kg3 Ra5 62. Rc4 Rb5 63. Rd4 Ra5 64. Rb4 Rc5 65. Ra4 Rb5 66. Kg4 Rc5 67. Rd4 Rb5 68. Ra4 Rc5 1/2-1/2

[Event "FIDE World Blitz-ch Women 2018"]
[Site "St. Petersburg"]
[Date "2018.12.29"]
[Round "7.26"]
[White "Chernyak, Viktoria"]
[Black "Skripchenko, Almira"]
[Result "1/2-1/2"]
[WhiteElo "2186"]
[BlackElo "2408"]
[Annotator "NA"]
[PlyCount "81"]
[EventDate "2018.12.19"]
[EventType "swiss"]
[EventCountry "RUS"]
[SourceTitle "playchess.com"]
[Source "ChessBase"]
[SourceQuality "1"]

1. c4 e5 2. g3 Nc6 3. Bg2 g6 4. Nc3 Bg7 5. d3 d6 6. e4 Nd4 7. h3 Ne7 8. Nge2 Nec6 9. O-O O-O 10. Kh2 f5 11. f4 Be6 12. Be3 Qd7 13. Rc1 Rae8 14. a3 Kh8 15. b4 Nxe2 16. Qxe2 Nd4 17. Qd2 c6 18. Rce1 Rd8 19. Rd1 Rfe8 20. Rfe1 Qf7 21. Rf1 Qc7 22. Qf2 Rf8 23. Qd2 a5 24. Rb1 axb4 25. axb4 Bg8 26. b5 fxe4 27. bxc6 bxc6 28. Bxe4 d5 29. cxd5 cxd5 30. Bg2 Nf5 31. Nb5 Qd7 32. Bc5 exf4 33. Bxf8 fxg3+ 34. Kh1 Rxf8 35. d4 Rb8 36. Qd3 Re8 37. Rbe1 Rb8 38. Rb1 Re8 39. Rbe1 Rb8 40. Rb1 Re8 41. Rbe1 1/2-1/2

[Event "FIDE World Blitz-ch Women 2018"]
[Site "St. Petersburg"]
[Date "2018.12.29"]
[Round "7.27"]
[White "Berend, Elvira"]
[Black "Nguyen, Thi Mai Hung"]
[Result "0-1"]
[WhiteElo "2332"]
[BlackElo "2280"]
[Annotator "NA"]
[PlyCount "96"]
[EventDate "2018.12.19"]
[EventType "swiss"]
[EventCountry "RUS"]
[SourceTitle "playchess.com"]
[Source "ChessBase"]
[SourceQuality "1"]

1. d4 d5 2. Nf3 Nf6 3. g3 Bf5 4. Bg2 e6 5. b3 Be7 6. Bb2 O-O 7. O-O h6 8. c4 c6 9. Ne5 Nbd7 10. Nd2 a5 11. f3 Bh7 12. Nxd7 Qxd7 13. e4 a4 14. e5 Ne8 15. f4 Nc7 16. Qe2 Bb4 17. c5 a3 18. Bc1 Bc3 19. Rb1 Bxd4+ 20. Kh1 Nb5 21. f5 Bxf5 22. Rxf5 exf5 23. Nf3 Bxc5 24. Bd2 Rfe8 25. Qd3 Qe7 26. Qxf5 Nd4 27. Nxd4 Bxd4 28. Rf1 Bxe5 29. Qg4 Qd6 30. Qh5 Qg6 31. Qh3 Bf6 32. Bf3 Qd3 33. Qg2 Re7 34. Bb4 Ree8 35. Rd1 Qb5 36. Bd6 Re6 37. Bf4 Rae8 38. h4 Re1+ 39. Rxe1 Rxe1+ 40. Kh2 Qf1 41. Qd2 Ra1 42. Bg2 Qg1+ 43. Kh3 Qd1 44. Qe3 Qe1 45. Qa7 Qe6+ 46. g4 Rxa2 47. Qb8+ Kh7 48. Qxb7 Qe2 0-1

[Event "FIDE World Blitz-ch Women 2018"]
[Site "St. Petersburg"]
[Date "2018.12.29"]
[Round "7.28"]
[White "Paehtz, Elisabeth"]
[Black "Badelka, Olga"]
[Result "1-0"]
[WhiteElo "2487"]
[BlackElo "2385"]
[Annotator "ChessBase"]
[PlyCount "104"]
[EventDate "2018.12.19"]
[EventType "swiss"]
[EventCountry "RUS"]
[SourceTitle "playchess.com"]
[Source "ChessBase"]
[SourceQuality "1"]

1. d4 Nf6 2. Nf3 c5 3. c3 e6 4. Bf4 b6 5. e3 Bb7 6. Nbd2 d6 7. Bd3 Nbd7 8. h3 Be7 9. Qe2 Qc7 10. Bh2 e5 11. dxe5 dxe5 12. Nc4 Bxf3 13. Qxf3 O-O 14. Qe2 b5 15. Nd2 c4 16. Bc2 Nc5 17. b4 cxb3 18. axb3 a6 19. O-O Rfd8 20. Nf3 Bd6 21. Nd2 e4 22. Bxd6 Qxd6 23. Rfd1 Qe5 24. c4 b4 25. Ra5 Qc7 26. Rda1 Rd6 27. Nf1 Rad8 28. Qe1 Qb6 29. Qb1 Qc7 30. Ng3 Rd2 31. Nf1 R2d6 32. Ng3 Rd2 33. Nf1 R2d6 34. Qe1 Nd3 35. Bxd3 exd3 36. Nd2 Qb7 37. f3 Nd7 38. e4 f6 39. Qe3 Ne5 40. Rd5 Rxd5 41. cxd5 Qb5 42. f4 Nf7 43. Nc4 Nd6 44. Qxd3 f5 45. e5 Ne4 46. Ra5 Qb7 47. Qd4 Qf7 48. Kh2 Qg6 49. Qe3 Qh6 50. d6 g5 51. fxg5 Nxg5 52. Qf4 Qg6 1-0

[Event "FIDE World Blitz-ch Women 2018"]
[Site "St. Petersburg"]
[Date "2018.12.29"]
[Round "7.29"]
[White "Javakhishvili, Lela"]
[Black "Nomin-Erdene, Davaademberel"]
[Result "1-0"]
[WhiteElo "2464"]
[BlackElo "2376"]
[Annotator "ChessBase"]
[PlyCount "53"]
[EventDate "2018.12.19"]
[EventType "swiss"]
[EventCountry "RUS"]
[SourceTitle "playchess.com"]
[Source "ChessBase"]
[SourceQuality "1"]

1. c4 f5 2. d4 Nf6 3. Nc3 g6 4. h4 d6 5. Bg5 h6 6. Bxf6 exf6 7. e3 Nc6 8. h5 g5 9. Bd3 Ne7 10. Nge2 c6 11. Qc2 Bd7 12. Ng3 Qa5 13. a3 d5 14. cxd5 Nxd5 15. Nxf5 Nxc3 16. bxc3 O-O-O 17. O-O Be8 18. Ng3 Bd6 19. Ne4 Be7 20. Ng3 Bd6 21. Bf5+ Kb8 22. Ne4 Qxf5 23. Rab1 Bxh5 24. Rxb7+ Ka8 25. Rfb1 Bg6 26. Qa4 Bb8 27. Rxb8+ 1-0

[Event "FIDE World Blitz-ch Women 2018"]
[Site "St. Petersburg"]
[Date "2018.12.29"]
[Round "7.30"]
[White "Strutinskaia, Galina"]
[Black "Nebolsina, Vera"]
[Result "0-1"]
[WhiteElo "2201"]
[BlackElo "2242"]
[Annotator "NA"]
[PlyCount "156"]
[EventDate "2018.12.19"]
[EventType "swiss"]
[EventCountry "RUS"]
[SourceTitle "playchess.com"]
[Source "ChessBase"]
[SourceQuality "1"]

1. d4 Nf6 2. c4 g6 3. Nc3 d5 4. Bg5 Ne4 5. Bh4 Nxc3 6. bxc3 dxc4 7. e3 Be6 8. Nf3 Bg7 9. Rb1 Bd5 10. Nd2 c5 11. e4 Bc6 12. d5 Bd7 13. Qc2 b5 14. f4 O-O 15. Bf2 Na6 16. a4 b4 17. Bxc4 bxc3 18. Bxa6 Qa5 19. Bb5 cxd2+ 20. Ke2 Bg4+ 21. Kd3 e6 22. h3 d1=Q+ 23. Rhxd1 Bxd1 24. Rxd1 exd5 25. e5 a6 26. Bc6 c4+ 27. Ke2 Rad8 28. Bh4 f6 29. e6 Rd6 30. e7 Re6+ 31. Kf1 Rxe7 32. Bxd5+ Kh8 33. Bxc4 Rc8 34. Qd3 Qc7 35. Bxa6 Qxf4+ 36. Bf2 Rce8 37. Bb5 Rb8 38. g3 Qb4 39. Rb1 Qa5 40. Bc5 Rd8 41. Qf3 Re5 42. Bb4 Qa7 43. Be2 f5 44. Bc3 Re7 45. a5 Rde8 46. Bxg7+ Kxg7 47. Qc3+ Kh6 48. Qd2+ Qe3 49. Qxe3+ Rxe3 50. Rb2 Rxg3 51. Ra2 Re7 52. a6 Ra7 53. Bb5 Rxh3 54. Bc6 Rb3 55. Rh2+ Kg7 56. Bb7 Raxb7 57. axb7 Rxb7 58. Rc2 h5 59. Kg2 Kf6 60. Rc6+ Kg5 61. Ra6 Rb3 62. Kf2 h4 63. Kg2 Kh5 64. Ra8 g5 65. Rh8+ Kg4 66. Kf2 f4 67. Rh7 Rb2+ 68. Kg1 Kg3 69. Kf1 g4 70. Rc7 h3 71. Rc1 f3 72. Kg1 h2+ 73. Kh1 f2 74. Rc3+ Kh4 75. Rc1 g3 76. Rc4+ Kg5 77. Rc5+ Kf4 78. Rc4+ Ke5 0-1

[Event "FIDE World Blitz-ch Women 2018"]
[Site "St. Petersburg"]
[Date "2018.12.29"]
[Round "7.31"]
[White "Sukhareva, Evgeniya"]
[Black "Dordzhieva, Dinara"]
[Result "0-1"]
[WhiteElo "2126"]
[BlackElo "2340"]
[Annotator "NA"]
[PlyCount "58"]
[EventDate "2018.12.19"]
[EventType "swiss"]
[EventCountry "RUS"]
[SourceTitle "playchess.com"]
[Source "ChessBase"]
[SourceQuality "1"]

1. d4 Nf6 2. c4 d6 3. Nf3 g6 4. Nc3 Bg7 5. e4 O-O 6. h3 e5 7. d5 a5 8. Be3 Na6 9. Be2 Nd7 10. g4 Nac5 11. Nd2 a4 12. a3 b6 13. Qc2 Bf6 14. O-O-O Bg5 15. Kb1 Bxe3 16. fxe3 Qg5 17. Nf1 Qh4 18. Ka2 Kh8 19. Nb5 Ba6 20. Nxc7 Ra7 21. Nb5 Bxb5 22. cxb5 Rc7 23. Bf3 Rfc8 24. Qg2 Nb3 25. Ng3 Rc2 26. Ne2 Qd8 27. Qg3 Qc7 28. Qe1 Qc4 29. Qb4 Nc1+ 0-1

[Event "FIDE World Blitz-ch Women 2018"]
[Site "St. Petersburg"]
[Date "2018.12.29"]
[Round "7.32"]
[White "Atalik, Ekaterina"]
[Black "Munkhzul, Turmunkh"]
[Result "1/2-1/2"]
[WhiteElo "2447"]
[BlackElo "2255"]
[Annotator "NA"]
[PlyCount "108"]
[EventDate "2018.12.19"]
[EventType "swiss"]
[EventCountry "RUS"]
[SourceTitle "playchess.com"]
[Source "ChessBase"]
[SourceQuality "1"]

1. d4 Nf6 2. Nf3 g6 3. g3 Bg7 4. Bg2 O-O 5. O-O d6 6. b3 Nbd7 7. Bb2 c6 8. c4 Rb8 9. Nc3 Re8 10. e4 e5 11. d5 c5 12. Qc2 Nf8 13. Rae1 Nh5 14. Qd1 f5 15. exf5 Bxf5 16. Ne4 Nf6 17. Nfg5 h6 18. Nxf6+ Qxf6 19. Ne4 Qe7 20. Qd2 Nh7 21. f4 Qd7 22. fxe5 Bxe5 23. Nxc5 Qg7 24. Bxe5 Rxe5 25. Rxe5 Qxe5 26. Re1 Qf6 27. Ne4 Qf8 28. h4 Re8 29. Qf2 Bxe4 30. Qxf8+ Kxf8 31. Rxe4 Rxe4 32. Bxe4 Kf7 33. Kf2 Nf6 34. Ke3 a5 35. a3 b6 36. b4 axb4 37. axb4 Nd7 38. Kd4 Kf6 39. Bg2 Ne5 40. c5 bxc5+ 41. bxc5 dxc5+ 42. Kxc5 g5 43. hxg5+ Kxg5 44. Bh3 h5 45. Kd4 Nf7 46. Be6 Nd6 47. Ke5 Nc4+ 48. Kd4 Nd6 49. Bd7 h4 50. gxh4+ Kxh4 51. Ke5 Nc4+ 52. Ke6 Nb6 53. d6 Nc4 54. Bc6 Nxd6 1/2-1/2

[Event "FIDE World Blitz-ch Women 2018"]
[Site "St. Petersburg"]
[Date "2018.12.29"]
[Round "7.33"]
[White "Tsatsalashvili, Keti"]
[Black "Mamedjarova, Turkan"]
[Result "1-0"]
[WhiteElo "2303"]
[BlackElo "2295"]
[Annotator "NA"]
[PlyCount "105"]
[EventDate "2018.12.19"]
[EventType "swiss"]
[EventCountry "RUS"]
[SourceTitle "playchess.com"]
[Source "ChessBase"]
[SourceQuality "1"]

1. d4 d5 2. Nf3 Nf6 3. g3 Bf5 4. Bg2 e6 5. c4 c6 6. Nc3 Nbd7 7. Qb3 Qb6 8. c5 Qa6 9. O-O Be7 10. Re1 O-O 11. Bf1 b5 12. a4 Rab8 13. Bf4 bxa4 14. Bxb8 Rxb8 15. Qxa4 Qxa4 16. Rxa4 Rxb2 17. Rxa7 h6 18. Ne5 Bxc5 19. Ra8+ Bf8 20. Nxc6 Kh7 21. Ne5 Bb4 22. Rc1 Nxe5 23. dxe5 Ng4 24. Rc8 Nxe5 25. Na4 Ra2 26. Nb6 Ba3 27. Rd1 Rb2 28. Na4 Rb4 29. Nc3 d4 30. Na2 Ra4 31. Nc1 Bb2 32. Nd3 Nxd3 33. exd3 Bc3 34. h3 Ra2 35. Rc7 Bg6 36. Bg2 f5 37. Rb1 Rb2 38. Rxb2 Bxb2 39. f4 Bh5 40. Re7 Be2 41. Bf1 Bf3 42. Rxe6 Bc3 43. Bg2 Bd1 44. Bc6 Bc2 45. Bb5 Bd2 46. Rc6 Bb3 47. Rc5 Kg6 48. Bd7 Kf6 49. Bxf5 Bd1 50. Be4 g5 51. f5 g4 52. Rc6+ Ke5 53. Re6# 1-0

[Event "FIDE World Blitz-ch Women 2018"]
[Site "St. Petersburg"]
[Date "2018.12.29"]
[Round "7.34"]
[White "Khomeriki, Nino"]
[Black "Garcia Martin, Marta"]
[Result "0-1"]
[WhiteElo "2347"]
[BlackElo "2301"]
[Annotator "NA"]
[PlyCount "64"]
[EventDate "2018.12.19"]
[EventType "swiss"]
[EventCountry "RUS"]
[SourceTitle "playchess.com"]
[Source "ChessBase"]
[SourceQuality "1"]

1. d4 d5 2. Nf3 Nf6 3. e3 e6 4. Bd3 c5 5. b3 Nc6 6. Bb2 Be7 7. O-O O-O 8. Nbd2 b6 9. Ne5 Bb7 10. f4 Rc8 11. a3 a6 12. Qf3 b5 13. dxc5 Bxc5 14. Qh3 d4 15. Ndf3 h6 16. Nxc6 Bxc6 17. Nxd4 Be4 18. Rad1 Bxd3 19. Rxd3 Qb6 20. b4 Be7 21. Kh1 Rfd8 22. Qf3 Nd5 23. Rfd1 Qc7 24. R3d2 Nb6 25. Ba1 Nc4 26. Rd3 Bf6 27. Nb3 Bxa1 28. Rxa1 Nb2 29. Rxd8+ Rxd8 30. Nd4 Qc3 31. Rf1 Nc4 32. Re1 Qxe1+ 0-1

[Event "FIDE World Blitz-ch Women 2018"]
[Site "St. Petersburg"]
[Date "2018.12.29"]
[Round "7.35"]
[White "Styazhkina, Anna"]
[Black "Bivol, Alina"]
[Result "0-1"]
[WhiteElo "2274"]
[BlackElo "2393"]
[Annotator "NA"]
[PlyCount "74"]
[EventDate "2018.12.19"]
[EventType "swiss"]
[EventCountry "RUS"]
[SourceTitle "playchess.com"]
[Source "ChessBase"]
[SourceQuality "1"]

1. e4 e6 2. d4 d5 3. Nd2 Be7 4. Ngf3 Nf6 5. e5 Nfd7 6. c3 c5 7. Bd3 Nc6 8. O-O Qb6 9. Re1 cxd4 10. cxd4 Nxd4 11. Nxd4 Qxd4 12. Nf3 Qb6 13. Qa4 O-O 14. Be3 Qb4 15. Qc2 h6 16. a3 Qa5 17. b4 Qd8 18. Rac1 a5 19. Qb2 axb4 20. axb4 f5 21. b5 b6 22. Red1 Ba3 23. Qa2 Bxc1 24. Qxa8 Bxe3 25. fxe3 Nc5 26. Bc2 Bd7 27. Qa7 Qa8 28. Qxb6 Rc8 29. Nd4 Qa3 30. Re1 Qc3 31. Re2 Ra8 32. Qd6 Kh7 33. b6 Ba4 34. Bxa4 Rxa4 35. Nxe6 Ra1+ 36. Kf2 Ne4+ 37. Kf3 Rf1+ 0-1

[Event "FIDE World Blitz-ch Women 2018"]
[Site "St. Petersburg"]
[Date "2018.12.29"]
[Round "7.36"]
[White "Nakhbayeva, Guliskhan"]
[Black "Belenkaya, Dina"]
[Result "0-1"]
[WhiteElo "2371"]
[BlackElo "2338"]
[Annotator "NA"]
[PlyCount "88"]
[EventDate "2018.12.19"]
[EventType "swiss"]
[EventCountry "RUS"]
[SourceTitle "playchess.com"]
[Source "ChessBase"]
[SourceQuality "1"]

1. d4 d5 2. c4 dxc4 3. e3 Nf6 4. Nf3 e6 5. Bxc4 a6 6. O-O c5 7. b3 cxd4 8. Nxd4 Bd7 9. Bb2 Nc6 10. Nf3 Bc5 11. Nbd2 O-O 12. e4 Qe7 13. Rc1 b5 14. Bd3 e5 15. Qe2 Rfc8 16. a4 bxa4 17. bxa4 Nb4 18. Nxe5 Bxa4 19. Bc4 Be8 20. Nb3 Bd6 21. f4 a5 22. Kh1 a4 23. Nd4 g6 24. Nb5 Bc5 25. h3 Rcb8 26. Ng4 Nxg4 27. Qxg4 Bxb5 28. Bxb5 Rxb5 29. Qf3 Nc6 30. Ba1 Nd4 31. Qc3 Rc8 32. Rfd1 Rb3 33. Qxd4 Bxd4 34. Rxc8+ Kg7 35. Bxd4+ Kh6 36. e5 Qb7 37. Rc2 a3 38. Rcc1 a2 39. Ba1 Rb1 40. Bd4 Qb3 41. f5 Qxd1+ 42. Rxd1 Rxd1+ 43. Kh2 a1=Q 44. Be3+ g5 0-1

[Event "FIDE World Blitz-ch Women 2018"]
[Site "St. Petersburg"]
[Date "2018.12.29"]
[Round "7.37"]
[White "Afonasieva, Anna"]
[Black "Lelekova, Olga"]
[Result "0-1"]
[WhiteElo "2207"]
[BlackElo "2261"]
[Annotator "NA"]
[PlyCount "103"]
[EventDate "2018.12.19"]
[EventType "swiss"]
[EventCountry "RUS"]
[SourceTitle "playchess.com"]
[Source "ChessBase"]
[SourceQuality "1"]

1. d4 Nf6 2. Nf3 g6 3. c4 Bg7 4. g3 O-O 5. Bg2 d6 6. O-O Nc6 7. d5 Na5 8. Nfd2 c5 9. Nc3 a6 10. Qc2 Rb8 11. b3 b5 12. Bb2 bxc4 13. bxc4 Bh6 14. Nd1 Bf5 15. e4 Bd7 16. f4 e5 17. fxe5 Ng4 18. Nf3 Rxb2 19. Qxb2 Nxc4 20. Qe2 Bb5 21. a4 Nce3 22. axb5 Nxf1 23. Qxf1 axb5 24. Qxb5 Qe7 25. h3 Nxe5 26. Nf2 Be3 27. Qe2 Nxf3+ 28. Bxf3 Bd4 29. Rd1 Rb8 30. Kg2 Qg5 31. Nd3 h5 32. h4 Qf6 33. Rd2 Bc3 34. Rc2 Bd4 35. Nf4 Rb1 36. Ra2 Be5 37. Nd3 Bd4 38. Ne1 Bc3 39. Nc2 Be5 40. Ne3 Bd4 41. Qc2 Re1 42. Nf1 Kh7 43. Nd2 Rg1+ 44. Kh2 Qe5 45. Nf1 Rxf1 46. Qg2 Bg1+ 47. Kh3 Rb1 48. Rd2 Bd4 49. Rd1 Rb2 50. Rd2 Rb1 51. Rb2 Rxb2 52. Qd2 0-1

[Event "FIDE World Blitz-ch Women 2018"]
[Site "St. Petersburg"]
[Date "2018.12.29"]
[Round "7.38"]
[White "Ovod, Evgenija"]
[Black "Mammadzada, Gunay"]
[Result "0-1"]
[WhiteElo "2367"]
[BlackElo "2422"]
[Annotator "NA"]
[PlyCount "81"]
[EventDate "2018.12.19"]
[EventType "swiss"]
[EventCountry "RUS"]
[SourceTitle "playchess.com"]
[Source "ChessBase"]
[SourceQuality "1"]

1. e4 c5 2. c3 Nf6 3. e5 Nd5 4. Nf3 d6 5. Bc4 dxe5 6. Nxe5 e6 7. O-O Be7 8. d4 cxd4 9. Qxd4 O-O 10. Nd2 Bf6 11. Qe4 Nc6 12. Nxc6 bxc6 13. Bd3 g6 14. Nf3 Bg7 15. Bg5 Qb6 16. Rab1 Qc7 17. Qh4 h5 18. a3 e5 19. c4 Nf4 20. Bxf4 exf4 21. c5 Be6 22. Rfe1 Ba2 23. Ra1 Bd5 24. Re7 Qd8 25. Rae1 Bxf3 26. Bxg6 fxg6 27. Qg5 Rf7 28. gxf3 Qf8 29. R7e6 Bf6 30. Qxf4 Bc3 31. Rxg6+ Rg7 32. Qc4+ Kh7 33. Rxg7+ Qxg7+ 34. Kf1 Bxe1 35. Qe4+ Qg6 36. Qe7+ Kg8 37. Qd7 Ba5 38. f4 Rf8 39. b4 Rxf4 40. bxa5 Qb1+ 41. Kg2 0-1

[Event "FIDE World Blitz-ch Women 2018"]
[Site "St. Petersburg"]
[Date "2018.12.29"]
[Round "7.39"]
[White "Injac, Teodora"]
[Black "Mkrtchian, Lilit"]
[Result "0-1"]
[WhiteElo "2325"]
[BlackElo "2392"]
[Annotator "NA"]
[PlyCount "114"]
[EventDate "2018.12.19"]
[EventType "swiss"]
[EventCountry "RUS"]
[SourceTitle "playchess.com"]
[Source "ChessBase"]
[SourceQuality "1"]

1. d4 Nf6 2. Nf3 e6 3. e3 b6 4. Bd3 Bb7 5. O-O d5 6. b3 Bd6 7. c4 Nbd7 8. cxd5 exd5 9. Ba3 c5 10. Re1 O-O 11. Nc3 Re8 12. Ne2 Qe7 13. Bb2 Ne4 14. Ng3 g6 15. Rc1 Rad8 16. Qe2 h5 17. Bb5 Rf8 18. Nxe4 dxe4 19. Nd2 cxd4 20. Bxd4 Ne5 21. Red1 Qh4 22. h3 Qg5 23. Kh1 Qf5 24. Nc4 Nxc4 25. Bxc4 Bb8 26. Ba1 Be5 27. Bb2 Bxb2 28. Qxb2 Bc8 29. Qe2 Qg5 30. Rxd8 Rxd8 31. Rd1 Rxd1+ 32. Qxd1 Qf6 33. Qc2 Qa1+ 34. Kh2 Qe5+ 35. Kg1 Bf5 36. Qd2 Qa1+ 37. Kh2 Qe5+ 38. Kg1 Kg7 39. Qc2 h4 40. Qd2 Qa1+ 41. Kh2 Qe5+ 42. Kg1 g5 43. a4 Qa1+ 44. Kh2 Qe5+ 45. Kg1 g4 46. hxg4 Bxg4 47. Qd4 Kf6 48. Kf1 Qxd4 49. exd4 Ke7 50. Ke1 f5 51. Kd2 f4 52. Bd5 Bf5 53. f3 e3+ 54. Ke2 Kd6 55. Be4 Be6 56. Bc2 Kd5 57. Bd1 Kxd4 0-1

[Event "FIDE World Blitz-ch Women 2018"]
[Site "St. Petersburg"]
[Date "2018.12.29"]
[Round "7.40"]
[White "Utiatskaja Irina (RUS)"]
[Black "Batsiashvili, Nino"]
[Result "0-1"]
[WhiteElo "1918"]
[BlackElo "2459"]
[Annotator "TA"]
[PlyCount "64"]
[EventDate "2018.12.19"]
[EventType "swiss"]
[EventCountry "RUS"]
[SourceTitle "playchess.com"]
[Source "ChessBase"]
[SourceQuality "1"]

1. e4 c6 2. d4 d5 3. Nd2 dxe4 4. Nxe4 Nf6 5. Nxf6+ exf6 6. Be3 Bd6 7. c3 O-O 8. Bd3 Re8 9. Ne2 Qc7 10. Qc2 h5 11. O-O-O Nd7 12. Ng3 Bf4 13. Nxh5 Bxe3+ 14. fxe3 Nf8 15. Qf2 Bg4 16. Be2 Bxe2 17. Qxe2 Qa5 18. Kb1 b5 19. Ng3 b4 20. c4 Qg5 21. e4 Ne6 22. Qf3 Rad8 23. d5 cxd5 24. cxd5 Nc5 25. h4 Qe5 26. Rhe1 Na4 27. Re2 Rb8 28. Ka1 Rec8 29. Nf5 g6 30. Nd4 Rb6 31. h5 Rc4 32. Red2 Qc7 0-1

[Event "FIDE World Blitz-ch Women 2018"]
[Site "St. Petersburg"]
[Date "2018.12.29"]
[Round "7.41"]
[White "Solozhenkina, Elizaveta"]
[Black "Arutyunova, Diana"]
[Result "1-0"]
[WhiteElo "2258"]
[BlackElo "2227"]
[Annotator "NA"]
[PlyCount "54"]
[EventDate "2018.12.19"]
[EventType "swiss"]
[EventCountry "RUS"]
[SourceTitle "playchess.com"]
[Source "ChessBase"]
[SourceQuality "1"]

1. e4 d6 2. d4 Nf6 3. Nc3 c6 4. Nf3 Qa5 5. Bd3 e5 6. Be3 Qc7 7. h3 b5 8. a3 Be7 9. O-O a6 10. Nd2 c5 11. dxc5 dxc5 12. a4 b4 13. Nd5 Nxd5 14. exd5 Bb7 15. Bc4 Bd6 16. Ne4 Bc8 17. f4 Nd7 18. a5 O-O 19. b3 f5 20. Nxd6 Qxd6 21. fxe5 Qxe5 22. Bf4 Qf6 23. Qe2 Kh8 24. Rae1 Bb7 25. Qe7 Rad8 26. Bc7 Qxe7 27. Rxe7 Bc8 1-0

[Event "FIDE World Blitz-ch Women 2018"]
[Site "St. Petersburg"]
[Date "2018.12.29"]
[Round "7.42"]
[White "Vasilevich, Irina"]
[Black "Kovanova, Baira"]
[Result "1/2-1/2"]
[WhiteElo "2258"]
[BlackElo "2352"]
[Annotator "NA"]
[PlyCount "115"]
[EventDate "2018.12.19"]
[EventType "swiss"]
[EventCountry "RUS"]
[SourceTitle "playchess.com"]
[Source "ChessBase"]
[SourceQuality "1"]

1. c4 e5 2. Nc3 Nf6 3. g3 Bc5 4. Bg2 a6 5. e3 d6 6. Nge2 O-O 7. O-O Ba7 8. b4 Nc6 9. Rb1 a5 10. b5 Ne7 11. Nd5 Nexd5 12. cxd5 Bf5 13. d3 e4 14. dxe4 Nxe4 15. Bb2 Qe7 16. Nd4 Bg6 17. Rc1 Rfe8 18. a4 Bb6 19. h3 Nc5 20. Rc3 Be4 21. Bxe4 Qxe4 22. Ne2 Nxa4 23. Rb3 Nxb2 24. Rxb2 a4 25. Nc3 Qe5 26. Rc2 a3 27. Kg2 Bc5 28. e4 a2 29. Nxa2 Qxe4+ 30. Kh2 Qf5 31. Nc3 Ra3 32. Ne2 Qf3 33. Nf4 Qxd1 34. Rxd1 Rb3 35. Nd3 Rxb5 36. Nxc5 dxc5 37. d6 cxd6 38. Rxd6 b6 39. Rcd2 h6 40. Rc6 Rb3 41. Kg2 Rb4 42. Rc7 c4 43. Rdd7 Rf8 44. Rd4 b5 45. Rb7 Rb3 46. Rd5 c3 47. Rbxb5 Rc8 48. Rbc5 Rxc5 49. Rxc5 Kf8 50. Rc7 Ke8 51. g4 Ra3 52. h4 Kf8 53. h5 Ke8 54. Kh2 Ra2 55. Kg3 Rc2 56. Kf3 Kf8 57. Ke3 Ke8 58. Ke4 1/2-1/2

[Event "FIDE World Blitz-ch Women 2018"]
[Site "St. Petersburg"]
[Date "2018.12.29"]
[Round "7.43"]
[White "Paramzina, Anastasya"]
[Black "Tomilova, Elena"]
[Result "1-0"]
[WhiteElo "2229"]
[BlackElo "2338"]
[Annotator "NA"]
[PlyCount "91"]
[EventDate "2018.12.19"]
[EventType "swiss"]
[EventCountry "RUS"]
[SourceTitle "playchess.com"]
[Source "ChessBase"]
[SourceQuality "1"]

1. e4 e6 2. d4 d5 3. Nd2 Nc6 4. c3 Nf6 5. Bd3 Be7 6. Ngf3 O-O 7. O-O a5 8. a4 b6 9. e5 Nd7 10. Re1 Ba6 11. Bb1 Na7 12. Qc2 g6 13. Nf1 c5 14. Bh6 Re8 15. Qd2 Nc6 16. Qf4 Qc7 17. Ng5 Nd8 18. Ng3 f5 19. Nf3 Nf7 20. h4 Qd8 21. Bg5 Nxg5 22. Nxg5 Bxg5 23. hxg5 Rc8 24. Ba2 Nf8 25. Rac1 Qd7 26. Bb3 Rc7 27. c4 dxc4 28. Bxc4 Bxc4 29. Rxc4 Rec8 30. dxc5 Rxc5 31. Rd4 Qc7 32. Rd6 Rc4 33. Qd2 Rxa4 34. Ne2 Re4 35. Nc3 Rxe1+ 36. Qxe1 Rd8 37. Qd2 Rd7 38. g3 Qd8 39. Nb5 Rxd6 40. exd6 Qd7 41. Nc7 Qc6 42. Kh2 Kf7 43. Qd4 Qf3 44. d7 Qh5+ 45. Kg2 Qxg5 46. d8=Q 1-0